00700nam a2200241 a 4500001001300000003000900013005001700022008004100039020001000080082001900090100001900109245004800128260004700176300000800223500003500231505001300266650001500279700001900294902000800313942000700321952011500328999001500443nice12345678IN_TiNIC20260116011658.0050524s1974 mada grp 000 0 eng  ac4.500a294.59218bDEV aDevdas, Nalini aAnandab the Concept of Bliss the Upanisads aMadrasbChristian Literature Societyc1974 a63p aincludes index and biblioraphy2 aAppendix aUpanishads1 aDevdas, Nalini bSRS cBK 001040708StackRoom-aHMIbHMId2007-07-26g4.50l0o294.59218 DEVp07319r2007-07-26v4.50w2005-05-24yBK c3359d3359